[Event "New Delhi Parsvnath op-C 17th"]
[Site "New Delhi"]
[Date "2019.01.15"]
[Round "8.7"]
[White "Akhil, BVS"]
[Black "Apurba, Dhara"]
[Result "1-0"]
[WhiteElo "1491"]
[BlackElo "1373"]
[PlyCount "101"]
[EventDate "2019.01.13"]
[EventType "swiss"]
[EventRounds "10"]
[EventCountry "IND"]
[SourceTitle "EXT 2024"]
[Source "ChessBase"]
[SourceDate "2023.10.10"]
[SourceVersion "1"]
[SourceVersionDate "2023.10.10"]
[SourceQuality "1"]

1. d4 Nc6 2. Bf4 d5 3. e3 Bf5 4. Bd3 Bg6 5. Nf3 e6 6. c3 Nf6 7. Qc2 Bd6 8. Bg3 Ne4 9. Nbd2 Nxd2 10. Nxd2 Qe7 11. e4 f6 12. 0-0 0-0 13. Rae1 Qd7 14. Kh1 Bxg3 15. fxg3 Ne7 16. Re3 c6 17. Rfe1 Rae8 18. R3e2 b6 19. a4 Kh8 20. Nf3 Kg8 21. Nh4 Kf7 22. Re3 Bxe4 23. Bxe4 dxe4 24. Qxe4 Nf5 25. R3e2 Qd5 26. Nxf5 exf5 27. Qxd5+ cxd5 28. Rxe8 Rxe8 29. Rxe8 Kxe8 30. Kg1 Ke7 31. Kf2 Ke6 32. Ke3 g5 33. Kd3 h5 34. c4 Kd6 35. b4 dxc4+ 36. Kxc4 a6 37. d5 Kd7 38. a5 bxa5 39. bxa5 Kd6 40. Kd4 f4 41. gxf4 gxf4 42. h3 f3 43. gxf3 h4 44. f4 f5 45. Kc4 Kd7 46. Kc5 Kc7 47. d6+ Kd7 48. Kd5 Kd8 49. Ke6 Kc8 50. Ke7 Kb7 51. d7 1-0